[Event "ESP-ch U16"]
[Site "Salobrena"]
[Date "2020.08.14"]
[Round "7"]
[White "Tabuenca Mendataurigoitia, Daniel"]
[Black "Vazquez Gomez, Marcos"]
[Result "1/2-1/2"]
[WhiteElo "1865"]
[BlackElo "1757"]
[PlyCount "60"]
[EventDate "2020.08.10"]
[EventType "swiss"]
[EventRounds "9"]
[EventCountry "ESP"]
[SourceTitle "EXT 2021"]
[Source "ChessBase"]
[SourceDate "2020.10.23"]
[SourceVersion "1"]
[SourceVersionDate "2020.10.23"]
[SourceQuality "1"]

1. e4 g6 2. d4 c6 3. Nc3 Bg7 4. Nf3 d5 5. Bf4 Bg4 6. h3 Bxf3 7. Qxf3 dxe4 8. Nxe4 Nf6 9. Nxf6+ Bxf6 10. 0-0-0 0-0 11. h4 Qd5 12. Qb3 Qxb3 13. axb3 Rd8 14. Be3 a5 15. c3 e6 16. g3 a4 17. b4 Nd7 18. b5 cxb5 19. Bxb5 Ra5 20. Be2 Nb6 21. Kc2 Nd5 22. Bd2 Ra7 23. Ra1 Rc8 24. Be3 Nxe3+ 25. fxe3 Ra5 26. b3 axb3+ 27. Kxb3 Rca8 28. Rxa5 Rxa5 29. Bf3 b6 30. e4 Bd8 1/2-1/2

[Event "ESP-ch U16"]
[Site "Salobrena"]
[Date "2020.08.10"]
[Round "1"]
[White "Guillo Longares, Cecilia"]
[Black "Vazquez Gomez, Marcos"]
[Result "1-0"]
[WhiteElo "2134"]
[BlackElo "1757"]
[PlyCount "59"]
[EventDate "2020.08.10"]
[EventType "swiss"]
[EventRounds "9"]
[EventCountry "ESP"]
[SourceTitle "EXT 2021"]
[Source "ChessBase"]
[SourceDate "2020.10.23"]
[SourceVersion "1"]
[SourceVersionDate "2020.10.23"]
[SourceQuality "1"]

1. d4 d5 2. c4 Nc6 3. Nf3 Bg4 4. Nc3 e6 5. cxd5 exd5 6. Bf4 Nf6 7. e3 Bd6 8. Bg3 0-0 9. Be2 Ne7 10. Bh4 c6 11. Bxf6 gxf6 12. h3 Be6 13. Bd3 Ng6 14. h4 h5 15. Nd2 Bg4 16. Qc2 Kg7 17. Ne2 Qc7 18. f3 Bg3+ 19. Kf1 Bd7 20. Bxg6 fxg6 21. f4 Bf5 22. Qc3 g5 23. Nxg3 Bg4 24. hxg5 fxg5 25. Nxh5+ Bxh5 26. Rxh5 gxf4 27. Qd3 fxe3+ 28. Nf3 e2+ 29. Kxe2 Rae8+ 30. Ne5 1-0